| 000 | 00642nam a2200205 i 4500 | ||
|---|---|---|---|
| 001 | 97413 | ||
| 003 | ES-MaACL | ||
| 005 | 20230906182110.0 | ||
| 007 | t| | ||
| 008 | 050712s1917 xxk ||||1| spa d | ||
| 100 | 1 |
_aMarcosson, Isaac Fréderich. _976545 |
|
| 245 | 1 | 0 |
_aUna visita a Sir Douglas Haig / _cIsaac F. Marcosson. |
| 260 |
_aLondres : _bAlabaster, Passmore & Sons, _c1917. |
||
| 300 |
_a32 p. ; _c21 cm. |
||
| 500 | _aEn la cubierta el retr. de Sir Douglas Haig. | ||
| 500 | _aReimprimido (sic) del "Everybody's Magazine" | ||
| 600 | 0 | 4 |
_aHaig, Douglas. _961484 |
| 852 |
_aES-MaACL _j1577-F-23 |
||
| 852 |
_aES-MaACL _j1542-F-21 |
||
| 999 |
_c97413 _d97413 |
||